000
00340nam a2200157Ia 4500
003
OSt
005
20231229065038.0
008
170524s9999 xx 000 0 und d
020
_a
9780071164290
040
_c
IIMTU
100
_a
Kraus/Flisch
245
0
_a
Electroniagetics with App.
260
_b
MGH
260
_c
1999
942
_2
ddc
_c
02
999
_c
4853
_d
4853